[Event "Gibraltar Masters"]
[Site "Caleta ENG"]
[Date "2011.01.25"]
[Round "1.108"]
[White "Bellaiche, Anthony"]
[Black "Tabatt, Hendrik"]
[Result "1-0"]
[WhiteTitle "IM"]
[WhiteElo "2458"]
[BlackElo "2342"]
[WhiteFideId "615668"]
[BlackFideId "4653572"]
[EventDate "2011.01.25"]

1. d4 d5 2. c4 dxc4 3. Nf3 Nf6 4. e3 Bg4 5. Bxc4 e6 6. O-O Nbd7 7. Nbd2 a6 8. h3
Bh5 9. b3 c5 10. Be2 Be7 11. Bb2 O-O 12. Nc4 Rc8 13. Rc1 cxd4 14. Qxd4 b5 15.
Nd6 Rxc1 16. Rxc1 e5 17. Qd1 e4 18. Nd4 Bxe2 19. Nxe2 Nc5 20. Rxc5 Bxd6 21. Rc1
Qe7 22. Rc6 Rd8 23. Qc2 Be5 24. Nd4 Bxd4 25. Bxd4 Nd5 26. Rc8 Nf6 27. Qc6 b4 28.
Qxa6 Qe8 29. Rxd8 Qxd8 30. a4 bxa3 31. Qxa3 Nd5 32. Qa7 h6 33. Qb7 Qd6 34. Qc8+
Kh7 35. Qf5+ 1-0

[Event "Gibraltar Masters"]
[Site "Caleta ENG"]
[Date "2011.01.25"]
[Round "1.109"]
[White "Oberhofer, Andre"]
[Black "Battaglini, Gabriel"]
[Result "0-1"]
[BlackTitle "IM"]
[WhiteElo "2270"]
[BlackElo "2437"]
[WhiteFideId "24654140"]
[BlackFideId "621650"]
[EventDate "2011.01.25"]

1. e4 c5 2. c3 g6 3. d4 cxd4 4. cxd4 d5 5. exd5 Nf6 6. Bb5+ Bd7 7. Bc4 Bg7 8.
Nf3 O-O 9. O-O Bf5 10. Nc3 Nbd7 11. Re1 Nb6 12. Bb3 Nbxd5 13. Nxd5 Nxd5 14. Bxd5
Qxd5 15. Rxe7 Rac8 16. Qb3 Be4 17. Qxd5 Bxd5 18. Bd2 Bf6 19. Re3 Bxf3 20. Rxf3
Bxd4 21. Bc3 Bxc3 22. bxc3 Rfd8 23. g3 Rd2 24. a4 Rc5 25. Rb1 b6 26. Rb5 Rdd5
27. Rb4 Rd1+ 28. Kg2 Rc1 29. Rbf4 Rc7 30. h3 h5 31. g4 hxg4 32. hxg4 R1xc3 33.
Rxc3 Rxc3 34. Rd4 Rb3 35. Rd7 a5 36. Rb7 Rb4 37. Kg3 g5 38. f3 Kg7 39. Rb8 Kf6
40. Rh8 Ke6 41. Rb8 Kd6 42. Rb7 f6 43. Rb8 Kc7 44. Rf8 Rf4 45. Kf2 Kc6 46. Rc8+
Kd5 47. Rd8+ Kc5 48. Rc8+ Kb4 49. Rb8 Kxa4 50. Rxb6 Ka3 51. Rb5 a4 52. Rb6 Rb4
53. Rxf6 Kb3 54. f4 a3 55. fxg5 a2 56. Ra6 Ra4 57. Rb6+ Ka3 0-1

[Event "Gibraltar Masters"]
[Site "Caleta ENG"]
[Date "2011.01.25"]
[Round "1.110"]
[White "Jaime Montalvan, Luis Felipe"]
[Black "Marder, Simon"]
[Result "0-1"]
[WhiteTitle "FM"]
[WhiteElo "2186"]
[BlackElo "1990"]
[WhiteFideId "2255650"]
[BlackFideId "1704540"]
[EventDate "2011.01.25"]

1. d4 d5 2. c4 Nc6 3. e3 e5 4. cxd5 Qxd5 5. Nc3 Bb4 6. Bd2 Bxc3 7. bxc3 Nf6 8.
c4 Qd6 9. d5 Ne7 10. Qb3 a5 11. Nf3 O-O 12. Bc3 Nd7 13. Qb2 f6 14. Bd3 c6 15. e4
b5 16. cxb5 cxd5 17. exd5 Kh8 18. O-O Bb7 19. Rfd1 Bxd5 20. Be4 Qe6 21. Bxd5
Nxd5 22. Rac1 N7b6 23. Qd2 a4 24. Ba5 Rac8 25. Bb4 Nxb4 26. Qxb4 Qxa2 27. Rc6
Nd5 28. Qd6 Rcd8 29. Qc5 Nc3 30. Rf1 Ne2+ 31. Kh1 Qd5 32. Qb4 Qd3 33. Ra1 Qb3
34. Qe1 Qxb5 35. Rc2 Nd4 36. Nxd4 exd4 37. Rb1 Rfe8 38. Qd1 Qe5 39. h3 d3 40.
Rd2 Qe4 41. Ra1 Rd4 42. Ra3 Red8 43. Kh2 h6 44. Rc3 Qe5+ 45. g3 Qa5 46. Qc1 Qe5
47. Ra3 h5 48. Qd1 Qb5 49. h4 Kg8 50. Kg1 R8d5 51. Qf3 Re5 52. Rdxd3 Rxd3 53.
Rxd3 Kh7 54. Kh2 Qc5 55. Rd2 Qb4 56. Re2 Qg4 57. Qd3+ Qf5 58. Qxf5+ Rxf5 59. Ra2
Ra5 60. Ra3 Kg6 61. Kg2 Kf5 62. Kf3 Ke5 63. Ke3 Kd5 64. Kd3 g5 65. f3 gxh4 66.
gxh4 Ke5 67. Ke3 Kf5 68. f4 Kg4 69. Ke4 f5+ 70. Ke3 Ra6 71. Ra1 Re6+ 72. Kf2 Re4
73. Rg1+ Kxf4 74. Rg8 Ke5 75. Ra8 Rxh4 76. Ra5+ Kf6 77. Kf3 Re4 78. Kg3 Kg5 79.
Ra8 h4+ 80. Kg2 Kg4 81. Rg8+ Kf4 82. Ra8 Ke3 83. Rc8 f4 84. Rc3+ 0-1

[Event "Gibraltar Masters"]
[Site "Caleta ENG"]
[Date "2011.01.25"]
[Round "1.112"]
[White "Szuper, Paul"]
[Black "Lasinskas, Povilas"]
[Result "0-1"]
[BlackTitle "FM"]
[WhiteElo "2174"]
[BlackElo "2164"]
[WhiteFideId "2026791"]
[BlackFideId "12800503"]
[EventDate "2011.01.25"]

1. d4 Nf6 2. c4 b6 3. Nc3 Bb7 4. Nf3 e6 5. a3 Be7 6. d5 d6 7. e4 e5 8. g3 O-O 9.
Nh4 g6 10. Bh6 Re8 11. Be2 Nbd7 12. Ng2 Nc5 13. f3 a5 14. h4 Nh5 15. Kf2 a4 16.
Rb1 Bc8 17. g4 Ng7 18. Be3 Bd7 19. h5 Rf8 20. Qg1 gxh5 21. Qh2 Bg5 22. Rbg1 f6
23. gxh5 h6 24. Nh4 Kh7 25. Bf1 Rf7 26. Ke2 Rb8 27. Bh3 b5 28. Bxc5 dxc5 29.
Bxd7 Qxd7 30. cxb5 Rxb5 31. Nxb5 Qxb5+ 32. Ke1 Rf8 33. Qe2 Qa5+ 34. Kf2 Rb8 35.
Rd1 c4 36. Ng2 Rb3 37. Qxc4 Qb6+ 38. Kg3 Rxb2 39. Qf1 f5 40. Rb1 fxe4 41. Rxb2
Qxb2 42. fxe4 Qxa3+ 43. Qf3 Qe7 44. Ra1 Qe8 45. Kh2 Nxh5 46. Qf5+ Kg7 47. Rb1
Nf6 48. Rb7 Qe7 49. Qc8 Ne8 50. Rb8 Kf7 51. d6 Nxd6 52. Qg8+ Kf6 53. Rb1 Qg7 54.
Rf1+ Kg6 55. Qa8 Qd7 56. Qg8+ Qg7 57. Qa8 Qd7 58. Qg8+ Kh5 59. Rf3 Nxe4 60. Rh3+
Kg4 61. Ne3+ Kf4 62. Qg6 Qxh3+ 63. Kxh3 Kxe3 64. Qe8 Bf4 65. Qxa4 c5 66. Kg2 Kd3
67. Qa3+ Kd4 68. Qb2+ Nc3 69. Kf3 Bg5 70. Qf2+ Kc4 71. Kg2 e4 72. Qf7+ Kd3 73.
Qd7+ Kc2 74. Qh7 Kd1 75. Qf7 Bd2 76. Qh5+ Kc1 77. Qxc5 e3 78. Kf3 Kd1 79. Qxc3
Bxc3 80. Kxe3 Ke1 81. Kf3 Kf1 82. Kg3 Kg1 83. Kh3 Be5 84. Kg4 Kg2 85. Kh4 Bf6+
86. Kh5 Bg5 87. Kg4 Kh2 0-1

[Event "Gibraltar Masters"]
[Site "Caleta ENG"]
[Date "2011.01.26"]
[Round "2.16"]
[White "Das, Arghyadip"]
[Black "Kotronias, Vasilios"]
[Result "0-1"]
[WhiteTitle "IM"]
[BlackTitle "GM"]
[WhiteElo "2479"]
[BlackElo "2599"]
[WhiteFideId "5003610"]
[BlackFideId "5900212"]
[EventDate "2011.01.25"]

1. e4 c5 2. Nf3 Nc6 3. d4 cxd4 4. Nxd4 Nf6 5. Nc3 e5 6. Ndb5 d6 7. Bg5 a6 8. Na3
b5 9. Bxf6 gxf6 10. Nd5 f5 11. Bd3 Be6 12. c3 Bg7 13. Nxb5 axb5 14. Bxb5 Bd7 15.
exf5 e4 16. O-O O-O 17. Re1 Re8 18. a4 Kh8 19. Qg4 Re5 20. Ne3 Rc8 21. Nc4 d5
22. Nxe5 Nxe5 23. Qh5 Bc6 24. Re3 Ba8 25. Rae1 Qb6 26. Rh3 h6 27. Qh4 Kh7 28.
Qf4 Qf6 29. Ra1 Bf8 30. Re1 Nc4 31. Bxc4 Bd6 32. Qh4 Qxh4 33. Rxh4 Rxc4 34. Ra1
d4 35. cxd4 Rxd4 36. f6 Be5 37. a5 Rd2 38. Rg4 Bxf6 39. a6 Bxb2 40. Rb1 Bd4 41.
Rf4 e3 42. Kf1 f5 43. fxe3 Bxg2+ 44. Ke1 Bxe3 45. Rxf5 Be4 46. Rb7+ Bxb7 47.
axb7 Rb2 48. Kf1 Rxb7 49. Rf3 Bc1 50. Kg2 Kg6 51. Rd3 Bf4 52. Rf3 Kf5 53. Rf2
Ke4 54. Ra2 Rg7+ 55. Kh3 Kf3 56. Ra3+ Be3 57. Ra5 Re7 58. Rb5 Rd7 59. Ra5 Rd2
60. Ra3 Rd5 61. Kh4 Re5 62. Rb3 Kg2 63. Rb2+ Bf2+ 64. Kg4 Rg5+ 65. Kf4 Rh5 66.
Kg4 Rxh2 67. Ra2 h5+ 0-1

[Event "Gibraltar Masters"]
[Site "Caleta ENG"]
[Date "2011.01.26"]
[Round "2.19"]
[White "Illner, Achim, Dr."]
[Black "Felgaer, Ruben"]
[Result "0-1"]
[WhiteTitle "FM"]
[BlackTitle "GM"]
[WhiteElo "2345"]
[BlackElo "2585"]
[WhiteFideId "4615840"]
[BlackFideId "107069"]
[EventDate "2011.01.25"]

1. d4 Nf6 2. c4 c5 3. d5 g6 4. Nc3 Bg7 5. e4 d6 6. Nf3 O-O 7. h3 Na6 8. Bd3 Nc7
9. O-O e5 10. Rb1 b6 11. a3 Nd7 12. Qc2 Qe7 13. Bd2 f6 14. b4 Rf7 15. Nd1 Qf8
16. Ne3 Bh6 17. Kh2 Kh8 18. g3 Ne8 19. Nh4 Ng7 20. Bc3 Bxe3 21. fxe3 Ne8 22. Rf3
Qh6 23. Qf2 Ng7 24. g4 Ba6 25. Rf1 Raf8 26. Qg3 g5 27. Ng2 cxb4 28. axb4 Rc8 29.
b5 Bxb5 30. Bb4 Bxc4 31. Rc1 b5 32. Bxc4 bxc4 33. Bxd6 Qg6 34. Rf5 Nxf5 35. exf5
Qg8 36. e4 Qd8 37. Qa3 Qb6 38. Bb4 h5 39. Ne3 h4 40. Kg2 Qd4 0-1

[Event "Gibraltar Masters"]
[Site "Caleta ENG"]
[Date "2011.01.26"]
[Round "2.20"]
[White "Weber, Tom"]
[Black "Rudd, Jack"]
[Result "1-0"]
[WhiteTitle "FM"]
[BlackTitle "IM"]
[WhiteElo "2310"]
[BlackElo "2297"]
[WhiteFideId "4000609"]
[BlackFideId "405736"]
[EventDate "2011.01.25"]

1. e4 d6 2. d4 g6 3. Nc3 Bg7 4. Be3 a6 5. Bd3 e6 6. f4 Ne7 7. Nf3 Nd7 8. O-O b6
9. f5 exf5 10. exf5 gxf5 11. Nh4 f4 12. Rxf4 O-O 13. Qh5 Ng6 14. Nxg6 hxg6 15.
Bxg6 fxg6 16. Qd5+ 1-0

[Event "Gibraltar Masters"]
[Site "Caleta ENG"]
[Date "2011.01.26"]
[Round "2.22"]
[White "Buhmann, Rainer"]
[Black "Piasetski, Leon"]
[Result "1-0"]
[WhiteTitle "GM"]
[BlackTitle "IM"]
[WhiteElo "2572"]
[BlackElo "2303"]
[WhiteFideId "4651340"]
[BlackFideId "2600072"]
[EventDate "2011.01.25"]

1. Nf3 c5 2. c4 e6 3. g3 Nf6 4. Bg2 Nc6 5. O-O d5 6. d4 dxc4 7. dxc5 Qxd1 8.
Rxd1 Bxc5 9. Nbd2 Ke7 10. Nxc4 Ng4 11. e3 f6 12. Nd4 Nce5 13. Nb3 Bb6 14. Nca5
Rb8 15. h3 Nh6 16. Bd2 Nhf7 17. Bb4+ Ke8 18. Rac1 Bd8 19. Rc2 Nd7 20. Nd4 Nb6
21. Nb5 Be7 22. Bxe7 Kxe7 23. Bxb7 Bd7 24. Nxa7 Rxb7 25. Nxb7 Ra8 26. Nc6+ Ke8
27. b3 1-0

[Event "Gibraltar Masters"]
[Site "Caleta ENG"]
[Date "2011.01.26"]
[Round "2.23"]
[White "Kosintseva, Tatiana"]
[Black "Urbina Perez, Juan Antonio"]
[Result "1-0"]
[WhiteTitle "GM"]
[BlackTitle "CM"]
[WhiteElo "2570"]
[BlackElo "2189"]
[WhiteFideId "4133471"]
[BlackFideId "2217368"]
[EventDate "2011.01.25"]

1. e4 c5 2. Nf3 d6 3. d4 cxd4 4. Nxd4 Nf6 5. Nc3 a6 6. Bg5 e6 7. f4 Be7 8. Qf3
Qc7 9. O-O-O h6 10. Bh4 Nc6 11. Nxc6 Qxc6 12. Be2 Rb8 13. Qg3 g5 14. fxg5 Nxe4
15. Nxe4 Qxe4 16. Rxd6 hxg5 17. Bxg5 Qg6 18. Rd2 Ra8 19. Qc3 Rg8 20. Bxe7 Kxe7
21. Qc5+ Ke8 22. Rhd1 Qg5 23. Qd6 1-0

[Event "Gibraltar Masters"]
[Site "Caleta ENG"]
[Date "2011.01.26"]
[Round "2.24"]
[White "Avalos Parra, Joao"]
[Black "Kosintseva, Nadezhda"]
[Result "0-1"]
[WhiteTitle "FM"]
[BlackTitle "IM"]
[WhiteElo "2252"]
[BlackElo "2552"]
[WhiteFideId "3402541"]
[BlackFideId "4134974"]
[EventDate "2011.01.25"]

1. c4 e5 2. g3 Nf6 3. Bg2 d5 4. cxd5 Nxd5 5. Nc3 Nb6 6. Nf3 Nc6 7. a3 Be7 8. b4
a6 9. O-O O-O 10. d3 Bg4 11. Be3 Re8 12. Nd2 Rb8 13. Bxc6 bxc6 14. Nb3 Nd5 15.
Nxd5 cxd5 16. d4 Bf6 17. Re1 Qd7 18. Nc5 Qd6 19. Ra2 h5 20. Rd2 c6 21. Nd3 e4
22. Bf4 Qe7 23. Bxb8 exd3 24. Be5 dxe2 25. Qb3 Bg5 26. f4 Bh6 27. h3 Bxh3 28.
Rdxe2 Qd7 29. Qd3 Bf5 30. Qxa6 Be4 31. Rh2 f6 32. Bxf6 gxf6 33. Qe2 Qa7 34. Qxh5
Qxd4+ 35. Rf2 Re7 36. Qg4+ Kh7 37. Qh4 Rg7 38. g4 Bf3 0-1

[Event "Gibraltar Masters"]
[Site "Caleta ENG"]
[Date "2011.01.26"]
[Round "2.32"]
[White "Montero Melendez, Rafael"]
[Black "Kanep, Meelis"]
[Result "0-1"]
[BlackTitle "GM"]
[WhiteElo "2265"]
[BlackElo "2531"]
[WhiteFideId "2221772"]
[BlackFideId "4501047"]
[EventDate "2011.01.25"]

1. c4 Nf6 2. g3 e6 3. Bg2 d5 4. d4 c5 5. cxd5 exd5 6. Nf3 Nc6 7. O-O Be7 8. Nc3
O-O 9. dxc5 Bxc5 10. Na4 Be7 11. Be3 Re8 12. Rc1 Bg4 13. Nc5 Bxc5 14. Bxc5 Qd7
15. Re1 Ne4 16. Nd4 Ne5 17. f3 Nxc5 18. Rxc5 Qd6 19. Rb5 Bd7 20. Rxb7 Nc4 21.
Qd3 Na5 22. Rb3 Nxb3 23. Nxb3 Rab8 24. f4 Qb6+ 25. Kf1 Red8 26. Rd1 Bb5 27. Qd4
Bc4 28. Kf2 Kf8 29. Qxb6 Rxb6 30. Na5 Bxa2 31. b4 Rc8 32. Rd2 Bc4 33. Rd4 g6 34.
g4 a6 35. g5 Kg7 36. h4 h6 37. e4 Rxb4 38. exd5 Rb2+ 39. Kg3 Bb5 40. gxh6+ Kxh6
41. Nc6 a5 42. f5 a4 43. fxg6 a3 44. Rd1 a2 45. Be4 fxg6 46. Rg1 Re8 0-1

[Event "Gibraltar Masters"]
[Site "Caleta ENG"]
[Date "2011.01.26"]
[Round "2.36"]
[White "Pogonina, Natalija"]
[Black "Jaunooby, Ali R"]
[Result "1-0"]
[WhiteTitle "WGM"]
[WhiteElo "2472"]
[BlackElo "2207"]
[WhiteFideId "4147855"]
[BlackFideId "413291"]
[EventDate "2011.01.25"]

1. e4 g6 2. d4 Bg7 3. Nc3 d6 4. Be3 a6 5. a4 Nf6 6. h3 b6 7. Nf3 Bb7 8. Bd3 c5
9. d5 Qc7 10. Bc4 Nbd7 11. O-O Nf8 12. Bf4 N6d7 13. Re1 h6 14. h4 Ne5 15. Nxe5
dxe5 16. Bh2 h5 17. Qf3 Qd6 18. Nd1 Qf6 19. Qb3 Nd7 20. Bg3 Bh6 21. Ne3 O-O 22.
Bf1 Rfb8 23. Red1 Ra7 24. Nc4 Ba8 25. Rd3 Qg7 26. Rf3 Kh8 27. Qd3 f6 28. Qd1 Qg8
29. Na3 Qd8 30. Rb3 Nf8 31. Be2 e6 32. c4 Rd7 33. Qc2 Bg7 34. f4 exf4 35. Bxf4
e5 36. Bg3 Bh6 37. Rf1 Kg7 38. Rbf3 Rd6 39. Qc3 Nd7 40. Nc2 Qe7 41. Ne1 Bb7 42.
a5 Bc8 43. axb6 Rdxb6 44. Nd3 Kg8 45. Bd1 Nf8 46. Bf2 Nd7 47. Ba4 Bf8 48. Bxd7
Rb3 49. Qc2 Bxd7 50. Bxc5 Rxb2 51. Bxe7 Rxc2 52. Bxf8 Kxf8 53. Rxf6+ Ke7 54.
Rxg6 1-0

[Event "Gibraltar Masters"]
[Site "Caleta ENG"]
[Date "2011.01.26"]
[Round "2.37"]
[White "Lemos, Damian"]
[Black "Valgmae, Toomas"]
[Result "1-0"]
[WhiteTitle "GM"]
[WhiteElo "2553"]
[BlackElo "2190"]
[WhiteFideId "113581"]
[BlackFideId "4502523"]
[EventDate "2011.01.25"]

1. d4 Nf6 2. c4 c5 3. d5 b5 4. cxb5 a6 5. bxa6 d6 6. Nc3 g6 7. g3 Bg7 8. Nf3 O-O
9. Bg2 Bxa6 10. O-O Nbd7 11. Qc2 Qa5 12. Bd2 Rfb8 13. Rfd1 Ng4 14. b3 Qa3 15. h3
Nge5 16. Ne1 Nb6 17. Nb1 Qb2 18. Qxb2 Nf3+ 19. Nxf3 Bxb2 20. Nc3 Bxa1 21. Rxa1
f6 22. Bf1 Nd7 23. Rb1 Kf7 24. e4 Ke8 25. Bxa6 Rxa6 26. Kf1 Kd8 27. Ke2 Rb4 28.
Ne1 g5 29. Nc2 Rb8 30. b4 1-0

[Event "Gibraltar Masters"]
[Site "Caleta ENG"]
[Date "2011.01.26"]
[Round "2.41"]
[White "Dougherty, Michael"]
[Black "Cabrera, Alexis"]
[Result "1/2-1/2"]
[WhiteTitle "FM"]
[BlackTitle "GM"]
[WhiteElo "2183"]
[BlackElo "2518"]
[WhiteFideId "2601559"]
[BlackFideId "3502783"]
[EventDate "2011.01.25"]

1. Nf3 Nf6 2. c4 g6 3. Nc3 d5 4. cxd5 Nxd5 5. e4 Nxc3 6. bxc3 Bg7 7. d4 c5 8.
Bb5+ Nd7 9. O-O O-O 10. a4 a6 11. Bd3 cxd4 12. cxd4 Nc5 13. Be3 Bg4 14. Rc1 Bxf3
15. gxf3 Nxd3 16. Qxd3 e6 17. Rfd1 Qa5 18. Qb3 b5 19. axb5 Qxb5 20. Qa2 Rfd8 21.
d5 exd5 22. exd5 Be5 23. Rc5 Qb4 24. d6 Bxd6 25. Rcd5 Bc7 26. Rd7 Qf8 27. Bh6
Rxd7 28. Rxd7 Bxh2+ 29. Kg2 Qxh6 30. Qxf7+ Kh8 31. Qf6+ Kg8 32. Qf7+ Kh8 1/2-1/2

[Event "Gibraltar Masters"]
[Site "Caleta ENG"]
[Date "2011.01.26"]
[Round "2.43"]
[White "Lacrosse, Marc"]
[Black "Fernandez Romero, Ernesto"]
[Result "0-1"]
[WhiteTitle "FM"]
[BlackTitle "IM"]
[WhiteElo "2181"]
[BlackElo "2453"]
[WhiteFideId "200921"]
[BlackFideId "2214679"]
[EventDate "2011.01.25"]

1. d4 Nf6 2. c4 e6 3. Nf3 c5 4. d5 b5 5. dxe6 fxe6 6. cxb5 d5 7. Nc3 Nbd7 8. e4
d4 9. e5 Ng4 10. Ne4 Ndxe5 11. Nxe5 Nxe5 12. Qh5+ Nf7 13. Nxc5 g6 14. Qf3 Bxc5
15. Qc6+ Qd7 16. Qxc5 Bb7 17. Bd2 Rc8 18. Qa3 Nd6 19. f3 O-O 20. Bd3 Nc4 21. Qb4
Ne5 22. Be2 d3 23. Bd1 Rc4 24. Qa3 Qd4 0-1

[Event "Gibraltar Masters"]
[Site "Caleta ENG"]
[Date "2011.01.26"]
[Round "2.44"]
[White "Melia, Salome"]
[Black "Lochte, Thomas"]
[Result "1-0"]
[WhiteTitle "IM"]
[WhiteElo "2449"]
[BlackElo "2173"]
[WhiteFideId "13602446"]
[BlackFideId "4606272"]
[EventDate "2011.01.25"]

1. e4 e5 2. Nf3 Nc6 3. Bb5 a6 4. Ba4 Nf6 5. O-O Be7 6. Re1 b5 7. Bb3 O-O 8. d3
d6 9. c3 Na5 10. Bc2 c5 11. Nbd2 Qc7 12. Nf1 Re8 13. h3 Bb7 14. Ng3 g6 15. Bd2
Rad8 16. a4 Nc6 17. Bg5 d5 18. Qe2 d4 19. cxd4 Nxd4 20. Nxd4 cxd4 21. Bb3 Nh5
22. Bd2 Nxg3 23. fxg3 Kg7 24. axb5 axb5 25. Rf1 Rf8 26. Ba5 Qd7 27. Bxd8 Qxd8
28. Qd2 Bg5 29. Qb4 Be3+ 30. Kh2 1-0

[Event "Gibraltar Masters"]
[Site "Caleta ENG"]
[Date "2011.01.26"]
[Round "2.46"]
[White "Zhukova, Natalia"]
[Black "Groffen, Hans"]
[Result "1-0"]
[WhiteTitle "GM"]
[WhiteElo "2441"]
[BlackElo "2169"]
[WhiteFideId "14101513"]
[BlackFideId "1004140"]
[EventDate "2011.01.25"]

1. d4 d5 2. c4 c6 3. Nf3 Nf6 4. Nc3 a6 5. e3 b5 6. b3 Bg4 7. Be2 e6 8. h3 Bf5 9.
Ne5 Bb4 10. Bd2 Qa5 11. Rc1 Bxc3 12. Bxc3 b4 13. Bd2 Nfd7 14. Nd3 Bxd3 15. Bxd3
Qb6 16. cxd5 exd5 17. Qg4 O-O 18. h4 Nf6 19. Qf4 Re8 20. h5 Nbd7 21. Bf5 Rad8
22. Rh4 Nf8 23. h6 Ng6 24. Qg3 Re7 25. Kf1 Rde8 26. Kg1 a5 27. Rh3 Qb5 28. hxg7
Kxg7 29. Qg5 Qe2 30. Rxc6 Qd1+ 31. Kh2 Re6 32. Bxe6 Rxe6 33. Qh6+ Kg8 34. Rc8+
Re8 35. Rxe8+ Nxe8 36. Qxh7+ Kf8 37. Rf3 1-0

[Event "Gibraltar Masters"]
[Site "Caleta ENG"]
[Date "2011.01.26"]
[Round "2.47"]
[White "Monroy, Charles"]
[Black "Vaarala, Eric"]
[Result "1/2-1/2"]
[WhiteTitle "IM"]
[WhiteElo "2421"]
[BlackElo "2152"]
[WhiteFideId "621641"]
[BlackFideId "1711962"]
[EventDate "2011.01.25"]

1. Nf3 Nf6 2. c4 e6 3. g3 d5 4. d4 c6 5. Qc2 Bd6 6. Bg2 O-O 7. O-O Ne4 8. b3 f5
9. Ba3 Bxa3 10. Nxa3 Bd7 11. Qb2 Be8 12. Nc2 Nd7 13. Nce1 g5 14. Nd3 g4 15. Nfe5
Nxe5 16. dxe5 h5 17. Rac1 h4 18. Nf4 hxg3 19. hxg3 Ng5 20. Rfd1 Qe7 21. Qd2 Bf7
22. Qe3 Rfe8 23. f3 gxf3 24. exf3 Kg7 25. Kf2 Rad8 26. Rh1 d4 27. Qd2 c5 28. Rh4
Rh8 29. Rch1 b6 30. Nd3 Bg6 31. Ke2 Nf7 32. Qf4 a5 33. a3 a4 34. bxa4 Qa7 35.
Rxh8 Rxh8 36. Rxh8 Nxh8 37. Qg5 Qxa4 38. Qf6+ Kh7 39. Qh4+ Kg7 40. Qf6+ Kh7 41.
Qh4+ Kg7 42. Qf6+ 1/2-1/2

[Event "Gibraltar Masters"]
[Site "Caleta ENG"]
[Date "2011.01.26"]
[Round "2.48"]
[White "Lasinskas, Povilas"]
[Black "Mullon, Jean-Baptiste"]
[Result "0-1"]
[WhiteTitle "FM"]
[BlackTitle "IM"]
[WhiteElo "2164"]
[BlackElo "2420"]
[WhiteFideId "12800503"]
[BlackFideId "613606"]
[EventDate "2011.01.25"]

1. d4 g6 2. c4 Nf6 3. Nc3 Bg7 4. Bg5 O-O 5. e3 d6 6. Nf3 Na6 7. Be2 c5 8. O-O h6
9. Bh4 g5 10. Bg3 Nh5 11. Qd2 Nxg3 12. hxg3 cxd4 13. Nxd4 Nc5 14. Rfd1 a5 15. b3
Bd7 16. Rac1 f5 17. Bf3 g4 18. Be2 h5 19. Bd3 Ra6 20. Nde2 e5 21. Bc2 h4 22. e4
f4 23. gxf4 exf4 24. Nd4 h3 25. Nf5 Be5 26. Nd5 Qg5 27. g3 Ne6 28. Rb1 Kh8 29.
Kh1 Bc6 30. Qe2 Rf7 31. Rd2 Ra8 32. Rbd1 Rd8 33. Qe1 Ng7 34. Re2 Nh5 35. Rd3
Rdf8 36. Kh2 Rxf5 37. exf5 Rxf5 38. Rc3 fxg3+ 39. fxg3 Rf3 40. Rxe5 dxe5 41.
Rxf3 gxf3 42. Qf2 Bxd5 43. cxd5 Qg4 44. d6 Nf6 45. Qe3 Qh5 46. Kh1 Kg7 47. Bd3
e4 48. Bf1 Qe5 49. Qb6 Qxg3 50. Qg1 Qxg1+ 51. Kxg1 h2+ 52. Kxh2 e3 53. Kg3 e2
54. Bxe2 fxe2 55. Kf2 0-1

[Event "Gibraltar Masters"]
[Site "Caleta ENG"]
[Date "2011.01.26"]
[Round "2.50"]
[White "Slavin, Alexei"]
[Black "Osuna Vega, Enrique"]
[Result "1-0"]
[WhiteTitle "IM"]
[BlackTitle "CM"]
[WhiteElo "2417"]
[BlackElo "2140"]
[WhiteFideId "24104388"]
[BlackFideId "2219549"]
[EventDate "2011.01.25"]

1. b3 e5 2. Bb2 Nc6 3. e3 a6 4. c4 Nf6 5. a3 g6 6. Nf3 d6 7. d3 Bg7 8. Nbd2 O-O
9. g3 Bf5 10. e4 Bd7 11. Bg2 Ne8 12. h4 h6 13. Bh3 Bxh3 14. Rxh3 f5 15. Rh1 Qf6
16. Qe2 fxe4 17. dxe4 Qf7 18. Kf1 Nf6 19. Ne1 Nd7 20. Kg2 Nc5 21. Rf1 Ne6 22.
Rb1 Ned4 23. Bxd4 Nxd4 24. Qd3 Qe6 25. Nc2 Nxc2 26. Qxc2 Rf7 27. Qd3 Raf8 28.
Qd5 Qc8 29. Rbd1 Kh7 30. f3 c6 31. Qd3 Rd8 32. h5 g5 33. g4 Kg8 34. Rf2 Rfd7 35.
Nf1 d5 36. cxd5 cxd5 37. Rc2 dxe4 38. Qxe4 Rxd1 39. Rxc8 Rxc8 40. Qxb7 Rc2+ 41.
Kg3 Rxf1 42. Qd5+ Kf8 43. Qd8+ Kf7 44. Qd7+ Kg8 45. Qe6+ 1-0

[Event "Gibraltar Masters"]
[Site "Caleta ENG"]
[Date "2011.01.26"]
[Round "2.54"]
[White "Wohl, Aleksandar H."]
[Black "Hvenekilde, Jorgen"]
[Result "1-0"]
[WhiteTitle "IM"]
[BlackTitle "FM"]
[WhiteElo "2409"]
[BlackElo "2121"]
[WhiteFideId "3200345"]
[BlackFideId "1400649"]
[EventDate "2011.01.25"]

1. e4 d6 2. d4 g6 3. Nc3 Bg7 4. Bg5 h6 5. Bh4 a6 6. Qd2 Nd7 7. f4 c5 8. Nf3 cxd4
9. Nxd4 Ngf6 10. O-O-O O-O 11. Bc4 Qc7 12. Bb3 Re8 13. Rhe1 e6 14. f5 Nc5 15.
fxg6 Nxb3+ 16. Nxb3 fxg6 17. Bxf6 Bxf6 18. Qxh6 Qg7 19. Qxg7+ Kxg7 20. Rxd6 Be5
21. Rd3 Re7 22. Nd2 Bd7 23. Nf3 Bf4+ 24. Kb1 Bc6 25. Ne2 Bc7 26. Ned4 Bd7 27.
Red1 Rf8 28. Nf5+ exf5 29. Rxd7 Rff7 30. Rxe7 Rxe7 31. exf5 gxf5 32. c3 Kf6 33.
Kc2 1-0

[Event "Gibraltar Masters"]
[Site "Caleta ENG"]
[Date "2011.01.26"]
[Round "2.55"]
[White "Thomassen, Joachim"]
[Black "Steil-Antoni, Fiona"]
[Result "1-0"]
[WhiteTitle "IM"]
[BlackTitle "WIM"]
[WhiteElo "2404"]
[BlackElo "2118"]
[WhiteFideId "1504991"]
[BlackFideId "4001249"]
[EventDate "2011.01.25"]

1. d4 d5 2. Nf3 Nf6 3. c4 dxc4 4. e3 e6 5. Bxc4 c5 6. O-O a6 7. Qe2 b5 8. Bb3 c4
9. Bc2 Nc6 10. a4 Bb7 11. axb5 axb5 12. Rxa8 Qxa8 13. b3 Nb4 14. bxc4 Nxc2 15.
Qxc2 Bxf3 16. gxf3 Qxf3 17. Nd2 Qh3 18. f3 Bd6 19. Rf2 O-O 20. cxb5 Qh5 21. Qc6
Qg5+ 22. Kf1 Bb4 23. Nc4 Rb8 24. Ne5 Nd5 25. e4 Nf4 26. Nd3 Qd8 27. Bxf4 Rc8 28.
Nxb4 1-0

[Event "Gibraltar Masters"]
[Site "Caleta ENG"]
[Date "2011.01.26"]
[Round "2.56"]
[White "Tozer, Philip A A"]
[Black "Karim, Ismael"]
[Result "0-1"]
[BlackTitle "IM"]
[WhiteElo "2140"]
[BlackElo "2375"]
[WhiteFideId "419982"]
[BlackFideId "625736"]
[EventDate "2011.01.25"]

1. c4 g6 2. g3 Bg7 3. Nc3 d6 4. Bg2 e5 5. d3 Nf6 6. e4 O-O 7. Nge2 c6 8. O-O a6
9. b4 Nbd7 10. h3 b5 11. a4 bxc4 12. dxc4 Nb6 13. c5 dxc5 14. bxc5 Nc4 15. Qc2
Be6 16. Rd1 Qc8 17. Nd5 Nxd5 18. exd5 cxd5 19. Bxd5 Bxd5 20. Rxd5 e4 21. Nd4 Ne5
22. Qxe4 Qxh3 23. Bf4 Nc6 24. Be3 Rfe8 25. Qg2 Qc8 26. Rc1 Nb4 27. Rd6 Nd3 28.
Rd1 Nb2 29. Rc1 Nd3 30. Rc3 Ne1 31. Qd5 Bxd4 32. Rd7 Nf3+ 0-1